Normal view
MARC view
Entry Corporate Name
001 - CONTROL NUMBER
- control field: 4247
003 - CONTROL NUMBER IDENTIFIER
- control field: OSt
005 - DATE AND TIME OF LATEST TRANSACTION
- control field: 20110520112453.0
008 - FIXED-LENGTH DATA ELEMENTS
- fixed length control field: 110520|||a|||||| | ||| d
040 ## - CATALOGING SOURCE
- Original cataloging agency: OSt
- Transcribing agency: OSt
110 ## - HEADING--CORPORATE NAME
- Corporate name or jurisdiction name as entry element: Uganda.
- Subordinate unit: High Court.
670 ## - SOURCE DATA FOUND
- Source citation: Work cat.: (OSt)2131: Uganda. High Court., The Uganda law reports Vol.8 1956 - 57 /, 1973-
